000 00607nam a22002537a 4500
003 UA-OsUOA
001 21527
007 ta
008 20031211b un ||||| |||| 00| 0 ukr d
100 _aБунич П.Г.
090 _a338.24.021.8
_bБ91
942 _cBK
040 _aUA-OsUOA
_brus
_cUA-OsUOA
_dUA-OsUOA
245 _aНовые ценности
_bНаукове видання
300 _a256 с.
955 _a0
041 _arus
080 _a338.24.021.8
020 _a5-02-011943-1
260 _aМосква
_bНаука
_c1989
044 _aRU
650 7 _2UDC
999 _c307728
_d307728